• 首页
  • 本馆介绍
  • 公告通知
  • 最新文献
  • 馆藏检索
  • 电子资源
  • 读者导购
  • 参考咨询
  • 我的图书馆
  • 登录
  • 详细信息显示
  • 放入我的书架
  • 预约/预借图书
  • 作者相关作品
  • 分类相关作品
  • 丛书相关作品
  • 出版社相关作品

书目信息

  • 表格格式
  • 工作单格式
  • 卡片格式
题名:
中国神话选
    
 
作者: 袁珂 著
分册:  
出版信息: 北京   人民文学出版社  1979
页数: 52页
开本: 19cm
丛书名:
单 册:
中图分类: I277.5
科图分类:
主题词: 神话--中国--选集
电子资源:
ISBN:
000 00557nam0 2200217 45
001 0179000780
005 20060802152429.23
010    @dCNY0.25
091    @aCN@b10019.2699
100    @a19950810d1979 cemy0chiy0121 ea
101 0  @achi
102    @aCN@b110000
105    @ay z 000zy
200 10 @a中国神话选@Azhong guo shen hua xuan@f袁珂著
210    @a北京@c人民文学出版社@d1979
215    @a52页@d19cm
606    @a神话@y中国@x选集
690    @aI277.5@v3
701  0 @a袁珂@Ayuan ke@4著
801  0 @aCN@bTSSF@c20060802
905    @a10447@dI277.5@e145
    
    中国神话选/袁珂著.-北京:人民文学出版社,1979
    52页;19cm
    
    
    ISBN :CNY0.25
    
●
相关链接 在E读中查询图书 在五车中查询图书 在当当中查询图书 在豆瓣中查询图书


正题名:中国神话选     索取号:I277.5/145         预约/预借

序号 登录号 条形码 馆藏地/架位号 状态 备注
1 0443574   204435744   密集书库/ [索取号:I277.5/145] 在馆    
唐山师范学院图书馆 欢迎您!
大连网信软件有限公司© 版权所有